Statistics for Time Zones in the US and Canada

Click here to take the quiz!

General Stats

  • This quiz has been taken 127 times
  • The average score is 6 of 8

Answers on the Map

Answers color-coded by a green-red scale on the quiz's map according to % correct below.
 

Answer Stats

Time-Zones% Correct
Central
93%
Pacific
93%
Eastern
92%
Mountain
89%
Alaska
75%
Hawaii–Aleutian
71%
Newfoundland
64%
Atlantic
55%

Score Distribution

Percentile by Number Answered

Percent of People with Each Score

Your Score History

You have not taken this quiz